000 01280cam a2200253 i 4500
003 SA-RiAUC
005 20251117122640.0
008 251115s1995 su g 00000 ara c
040 _aSA-RiAUC
_bara
_cSA-RiAUC
_erda
082 0 4 _a252.5
090 _a252.5
_bا ب ن ع
100 1 _aابن عبد السلام، عبد العزيز بن عبد السلام بن أبي القاسم،
_d577-660 هجري
_eمؤلف.
245 1 0 _aمناسك الحج /
_cتأليف عز الدين عبد العزيز بن عبد السلام بن أبي القاسم بن الحسن السلمي الدمشقي ؛ اعتني بإخراجها مكتب تحقيق بدار القبلة للثقافة الإسلامية.
250 _aالطبعة الأولى.
264 1 _aجدة، السعودية :
_bدار القبلة للثقافة الإسلامية،
_c1995
300 _a48 صفحة ؛
_c20 سم
336 _aنص
_btxt
_2rdacontent
_3كتاب
337 _aبدون وسيط
_bn
_2rdamedia
338 _aمجلد
_bnc
_2rdacarrier
650 7 _aالحج
_2aucsh
710 2 _aدار القبلة للثقافة الإسلامية (جدة، السعودية).
_bمكتب تحقيق التراث
_eمشرف.
942 _2ddc
_cBOOK
_n0
949 _aSA-JeALM
_d251115
_umohamedma123
_n1
999 _c13300
_d13300